DESIGN AND STUDY OF FLAPPING MECHANISM WITH ASYMMETRIC FREQUENCIES / (Record no. 525227)

000 -LEADER
fixed length control field 00449nam a22001577a 4500
003 - CONTROL NUMBER IDENTIFIER
control field NUST
038 ## - RECORD CONTENT LICENSOR
Staff Name Mr.Zahoor
082 ## - DEWEY DECIMAL CLASSIFICATION NUMBER
Classification number 620.1
100 ## - MAIN ENTRY--PERSONAL NAME
Personal name Sohail, Iqbal
9 (RLIN) 15972
245 ## - TITLE STATEMENT
Title DESIGN AND STUDY OF FLAPPING MECHANISM WITH ASYMMETRIC FREQUENCIES /
Statement of responsibility, etc. Sohail Iqbal
260 ## - PUBLICATION, DISTRIBUTION, ETC.
Place of publication, distribution, etc. Islamabad :
Name of publisher, distributor, etc. CEME- NUST,
Date of publication, distribution, etc. 2012.
300 ## - PHYSICAL DESCRIPTION
Extent viii, 64 p. : ill. ;
Dimensions 30cm.
500 ## - GENERAL NOTE
General note Hardcover.
600 ## - SUBJECT ADDED ENTRY--PERSONAL NAME
Source of heading or term Mechanical Engineering - MS Thesis.
942 ## - ADDED ENTRY ELEMENTS (KOHA)
Koha item type Thesis
Holdings
Withdrawn status Lost status Source of classification or shelving scheme Damaged status Not for loan Permanent Location Current Location Date acquired Total Checkouts Full call number Barcode Date last seen Price effective from Koha item type
          Central Library (CL) Central Library (CL) 06/28/2019   620.1 CL-T-171 06/30/2019 06/28/2019 Thesis
© 2023 Central Library, National University of Sciences and Technology. All Rights Reserved.